000 002910000a22001330004500
003 MACL
040 _aMACL
090 _c36171
_d36169
100 _aLewinsohn , Richard
245 _aProphets And Prediction
260 _bSecker & Warburg
_c1958
650 _aHistory
942 _cBOOK
_k900/Lew
999 _c35782
_d35782